[Event "SCG-ch 1st"]
[Site "Kopaonik"]
[Date "2005.04.10"]
[Round "9"]
[White "Ivanisevic, Ivan"]
[Black "Arsovic, Goran"]
[Result "1-0"]
[WhiteElo "2542"]
[BlackElo "2419"]
[Annotator "Ftacnik,L"]
[PlyCount "89"]
[EventDate "2005.04.02"]
[EventType "tourn"]
[EventRounds "13"]
[EventCountry "YUG"]
[EventCategory "11"]
[SourceTitle "CBM 107"]
[Source "ChessBase"]
[SourceDate "2005.08.01"]
[SourceVersion "1"]
[SourceVersionDate "2005.08.01"]
[SourceQuality "1"]

1. b3 e5 2. Bb2 d6 3. e3 Nd7 4. d4 c6 5. c4 Be7 6. Nf3 exd4 (6... Qc7 $5 7. Bd3
Ngf6 8. Nbd2 O-O 9. O-O $13) 7. exd4 Ngf6 8. Bd3 O-O 9. O-O Re8 10. Nbd2 {
White has slightly more space, but the symmetrical pawns structure promises
fair chances for the quality.} (10. Nc3 Nb6 11. Qc2 Bg4 12. Nd2 d5 $11) 10...
Nf8 (10... d5 11. Re1 dxc4 12. bxc4 Nf8 13. Qc2 $13) 11. Re1 Bg4 12. h3 Bh5 (
12... Bxf3 13. Qxf3 d5 14. c5 $14) 13. Nf1 d5 14. Ng3 Bb4 $2 {Arsovic did not
realize the danger of giving up the light squared bishop, now Ivanisevic will
gradually open up the position.} (14... Bg6 15. Nf5 Ne6 $13) 15. Rxe8 Qxe8 16.
Nxh5 Nxh5 17. cxd5 cxd5 18. Ne5 Nf6 (18... Nf4 19. Bf5 $14) 19. a3 Ba5 (19...
Bd6 20. Qf3 Qe7 21. b4 $14) 20. b4 Bb6 21. g3 Ne6 22. Bc2 (22. Rc1 Ng5 $5 23.
Bf5 Qe7 24. Kg2 Nge4 $11) 22... Qe7 23. Kg2 Rd8 (23... Ng5 24. Qd3 Nge4 25. f3
Nd6 26. Re1 Rc8 27. Re2 $14) 24. Qd3 g6 25. Bb3 {It becomes obvious that white
has every right to play for win, the defender has no active prospects.} Rc8 (
25... Ne4 26. Re1 Qd6 27. Re3 $14) 26. Re1 Qd6 27. Ng4 Nxg4 (27... Bd8 28. Qb5
$1 $16) 28. hxg4 f6 29. a4 a6 30. a5 Ba7 (30... Bd8 31. Qf3 Nc7 32. Bc1 $1 $16)
31. b5 $1 Kf7 (31... axb5 32. Qxb5 Nc7 33. Qxb7 Rb8 34. Qxa7 Rxb3 35. Bc1 $18)
32. bxa6 bxa6 33. Ba3 $1 {[%mdl 2048] Spirited tactical shot in a critical
position, suddenly black will be tested to the limits.} Qd7 (33... Qxa3 34.
Qxa6 Re8 35. Bxd5 Kg7 36. Rxe6 Rxe6 37. Qxe6 Bxd4 (37... Qxa5 38. Qe7+ Kh6 39.
Qf8+ Kg5 40. f4+ Kxg4 41. Bf3+ Kf5 42. Qc8#) 38. Qd7+ Kh6 39. Bg8 $18) 34. Qxa6
Bxd4 (34... Rc7 35. Qd3 Qd8 36. Qf3 Rd7 37. Qe3 Nxd4 38. Qh6 Kg8 39. Ba4 $18)
35. Qd6 $6 {It is a shame, that white has missed the logical winning shot 35.
Ba4! It would have been esthetically very nice to have played both Ba3 and Ba4
with unprotected bishops.} (35. Ba4 $1 Nf4+ (35... Qxa4 36. Qxe6+ Kg7 37. Qxc8
$18) 36. Kf1 Qc7 37. gxf4 $18) 35... Qxd6 36. Bxd6 Rd8 37. Bb4 Rb8 (37... Bc5
38. Bd2 $14) 38. Bxd5 Rxb4 39. Rxe6 Kf8 40. a6 Rb2 $2 {The 40th move is a
curse of many a chess game, black plays a serious mistake before the time
control.} (40... Rb5 41. Bc4 Rc5 42. Bd3 Rc7 43. Kf3 $16) 41. Rxf6+ $1 Bxf6 (
41... Ke8 42. g5 $18) 42. a7 Rxf2+ 43. Kh3 (43. Kxf2 Bd4+ 44. Kf3 Bxa7 $11)
43... Kg7 44. a8=Q Re2 45. g5 (45. g5 Bxg5 46. Qg8+ Kf6 47. Qf7+ Ke5 48. Qe6+
$18) 1-0

[Event "Donetzk zt"]
[Site "Donetsk"]
[Date "1998.11.09"]
[Round "7"]
[White "Berezin, Oleg"]
[Black "Lerner, Konstantin Z"]
[Result "0-1"]
[WhiteElo "2455"]
[BlackElo "2580"]
[Annotator "Ftacnik,L"]
[PlyCount "71"]
[EventDate "1998.11.02"]
[EventType "swiss"]
[EventRounds "11"]
[EventCountry "UKR"]
[SourceTitle "CBM 068"]
[Source "ChessBase"]
[SourceDate "1999.02.01"]
[SourceVersion "1"]
[SourceVersionDate "1999.02.01"]
[SourceQuality "1"]

1. b3 e5 2. Bb2 d6 3. g3 g6 4. Bg2 Bg7 5. c4 Nf6 6. Nc3 O-O 7. e3 c6 (7... Nc6
8. Nge2 Bf5 9. d3 Qd7 (9... Re8 10. e4 Bd7 11. O-O Qc8 12. Nd5 Nxd5 13. cxd5
Nd8 14. f4 c5 15. fxe5 Bxe5 16. Bxe5 Rxe5 17. d4 Re7 18. Rc1 b6 19. dxc5 bxc5
20. b4 Nb7 21. bxc5 Nxc5 22. Nc3 {1-0 Van Arkel,J-Van Gool,J/NLD corr 1984/ 
(31)}) 10. h3 Be6 11. Nd5 Ne8 12. Qd2 f5 13. f4 Nf6 14. O-O Rae8 15. Kh2 Nd8
16. Nxf6+ Bxf6 17. d4 exf4 18. Nxf4 Bf7 19. Rae1 Bg7 20. h4 Kh8 21. d5 Bg8 22.
e4 {1-0 Simagin,V-Flesch,J/Sochi/1967/ (46)}) 8. d4 (8. Nf3 Re8 9. O-O d5 10.
d3 Bg4 11. h3 Bxf3 12. Qxf3 dxc4 13. dxc4 Nbd7 14. Rfd1 Qe7 15. Qe2 Rad8 16.
Rd2 Nf8 17. Rad1 Rxd2 18. Qxd2 Ne6 19. Qc2 Rd8 20. Rxd8+ Qxd8 21. b4 {1-0
Bezold,M-Zueger,B/Steckborn 1997/EXT 98 (84)}) 8... exd4 9. exd4 (9. Qxd4 Nd5
$13) 9... Bf5 10. Nge2 Na6 11. a3 (11. d5 Nb4 12. O-O Nd3 13. Ba3 c5 $11) 11...
Nc7 (11... d5) 12. O-O d5 13. h3 h5 (13... dxc4 14. bxc4 Be6 15. Qd3 Qd7 $11)
14. a4 Qd7 15. Kh2 Rad8 (15... dxc4 16. bxc4 Be6 17. Qb3 b6 18. Nf4 $14) 16. c5
Rfe8 17. b4 Ne6 18. Bc1 Ne4 19. Ra3 (19. Nxe4 $2 dxe4 $17) 19... Qe7 20. Be3 a5
$1 {[%mdl 64] Lerner demonstrates a sharp eye for the hidden tactical
possibilities of the position.} (20... Nxc3 21. Rxc3 Qf6 $15) 21. bxa5 (21.
Nxe4 dxe4 (21... Bxe4 22. f3 (22. bxa5) 22... axb4 23. Rb3 Bf5 24. g4 hxg4 25.
hxg4 $14) (21... axb4 22. Nf6+ Qxf6 23. Rb3 Rd7 24. Rxb4 $13) 22. b5 Nxc5 23.
Rc3 Nd3 24. bxc6 bxc6 25. Rxc6 $13) 21... N4xc5 22. dxc5 d4 23. Nd5 (23. Nxd4
Nxd4 24. Nd5 Rxd5 $1 25. Bxd5 Nc2 26. Bxc6 bxc6 $17) 23... Qxc5 $1 {The point
of the whole combination, white rook on a3 helps black to get the upper hand.}
(23... cxd5 24. Nxd4 Qf6 25. Nxe6 Bxe6 $11) 24. Rc3 (24. Nxd4 Qxa3 25. Nxf5
gxf5 $19) 24... Qxa5 25. Nxd4 cxd5 (25... Rxd5 $1 26. Bxd5 Qxd5 27. Nxf5 (27.
Nxe6 Qxd1 28. Rxd1 Bxc3 $44) 27... Bxc3 28. Nd6 Re7 $17) 26. Rc1 (26. Nxe6 Bxc3
27. Nxd8 Rxd8 $17) 26... Nxd4 27. Bxd4 Qb4 28. Bc5 $2 {White misses the daring
possibility to eat the central d5 pawn.} (28. Bxg7 Kxg7 29. Bxd5 $5 Bxh3 $1 (
29... Re5 30. Qb3 Qxb3 31. Bxb3 Rd3 $13) (29... Be6 30. Rb1 Qc3 31. Qf3) 30.
Kxh3 (30. Rc4 Qd6 31. Qd4+ Qe5 (31... f6 32. Kxh3 Re5 33. Rd1 $13) 32. Rd1 Bg4
33. f3 Bf5 $17) 30... Re5 31. Rb1 Qc5 32. Rxb7 Qc8+ 33. Kh2 Rexd5 34. Qb3 Qf5
$15) 28... Qb2 29. g4 (29. Bxd5 $2 Be6 $19) (29. Re1 Rxe1 30. Qxe1 Be4 $17)
29... hxg4 30. hxg4 Be4 (30... Be6 31. Rb1 Qf6 $17) 31. f3 Bd3 $1 {The last
phase of the attack is played with brutal efficiency.} 32. Qxd3 (32. Rf2 Qf6
$19) 32... Re2 33. Qxe2 (33. Rg1 Rxg2+ 34. Rxg2 Be5+ $1 35. Kh3 Qxc1 $19) (33.
Bf2 Rxf2 34. Rxf2 Qxf2 $19) 33... Qxe2 34. Rfe1 Qd2 35. Bb6 Qf4+ 36. Kh1 (36.
Kh1 Be5 37. Kg1 Bd4+ 38. Bxd4 Qxd4+ $19) 0-1

[Event "Balatonbereny GM"]
[Site "Balatonbereny"]
[Date "1995.??.??"]
[Round "2"]
[White "Bezold, Michael"]
[Black "Nikolaidis, Ioannis"]
[Result "0-1"]
[WhiteElo "2490"]
[BlackElo "2540"]
[Annotator "Giese"]
[PlyCount "122"]
[EventDate "1995.08.??"]
[EventType "tourn"]
[EventRounds "11"]
[EventCountry "HUN"]
[EventCategory "11"]
[SourceTitle "CBM 050"]
[Source "ChessBase"]
[SourceDate "1996.02.01"]
[SourceVersion "1"]
[SourceVersionDate "1996.02.01"]
[SourceQuality "1"]

1. b3 e5 2. Bb2 Nc6 3. e3 d5 4. Bb5 Bd6 5. Nf3 Bg4 6. h3 Bxf3 7. Qxf3 Nge7 8.
c4 O-O 9. cxd5 Nb4 10. Na3 a6 11. Be2 b5 12. O-O f5 13. Rfc1 Qe8 14. Bf1 e4 15.
Qd1 Nbxd5 16. d3 Qf7 17. dxe4 fxe4 18. Rc2 Nf5 19. Rd2 $17 {[#]} Nfxe3 $5 {
[%cal Gf7f1]} 20. fxe3 Nxe3 21. Qe2 (21. Qe1 Nxf1 22. Qxf1 Bc5+ 23. Rd4 (23.
Bd4 Bxa3 $19) 23... Bxd4+ 24. Bxd4 Qd5 25. Qd1 (25. Bf2 e3 $19) 25... Rad8 26.
Nc2 c5 $19) 21... Nxf1 22. Rxf1 Bc5+ 23. Rd4 (23. Bd4 Qxf1+ 24. Qxf1 Rxf1+ 25.
Kxf1 Bxa3 $19) 23... Qxf1+ 24. Qxf1 Bxd4+ 25. Bxd4 Rxf1+ 26. Kxf1 Rd8 27. Nc2 (
27. Be3 Rd1+ 28. Ke2 Ra1 {-/+/-+}) 27... c5 $1 28. Be3 $6 (28. Bxc5 $5 Rd2 (
28... Rc8 $6 29. b4 $16) 29. Ne3 Rxa2 {_|_ (=/+)/-/+}) 28... Kf7 $17 29. Ke2
Rc8 30. Kd2 Ke6 31. a3 c4 32. Nd4+ Kd5 33. b4 Rf8 34. Ne2 Rf1 35. Bd4 g6 36.
Ke3 Kc6 37. Bc3 Kb7 38. Ng3 Rg1 39. Kf2 Rc1 40. Nxe4 Rc2+ 41. Kf3 Ra2 42. g4
Rxa3 43. Kf4 Kc6 44. h4 Rb3 45. h5 a5 46. bxa5 gxh5 47. gxh5 b4 48. Bg7 Ra3 49.
h6 c3 50. Nxc3 bxc3 51. Ke3 c2+ 52. Kd2 Ra2 53. Kc1 Kb5 54. Bb2 Kxa5 55. Kxc2
Kb4 56. Kc1 Kc4 57. Bf6 Kd3 58. Bg7 Rh2 59. Kb1 Rc2 60. Bf6 Kd2 61. Bg5+ Kc3
0-1

[Event "EU-ch 17th"]
[Site "Gjakova"]
[Date "2016.05.22"]
[Round "10"]
[White "Gabuzyan, Hovhannes"]
[Black "Studer, Noel"]
[Result "1-0"]
[WhiteElo "2620"]
[BlackElo "2463"]
[Annotator "Havasi,G"]
[PlyCount "79"]
[EventDate "2016.05.12"]
[EventType "swiss"]
[EventRounds "11"]
[EventCountry "KOS"]
[SourceTitle "CBM 173"]
[Source "ChessBase"]
[SourceDate "2016.07.12"]
[SourceVersion "1"]
[SourceVersionDate "2016.07.12"]
[SourceQuality "1"]

1. b3 d5 2. Bb2 Bg4 3. Nc3 $146 (3. Nf3 Nd7 4. e3 Ngf6 5. Be2 e6 6. O-O Bd6 {
is another line.}) 3... e6 4. d4 Nf6 5. f3 Bh5 6. Qd2 c5 7. e3 Nc6 8. Nge2 Bg6
9. h4 h5 10. Nf4 cxd4 11. exd4 Bf5 12. Bb5 Qc7 13. Nce2 a6 14. Bd3 Bb4 15. c3
Bxd3 16. Nxd3 Bd6 17. Qg5 O-O-O 18. c4 {Despite the fact that it seems like it
is not so good to open the position for White. Now c4-c5 is threatening.} (18.
O-O-O $13) 18... dxc4 19. bxc4 Rh6 (19... Nb4 20. Nxb4 Bxb4+) 20. Qe3 Ne7 21.
Qf2 Nf5 22. Rh3 Rg6 (22... Qa5+ 23. Bc3 Qa3 $132) 23. Rc1 (23. c5 {was also
possible:} Bg3 (23... Bh2) 24. Nxg3 Rxg3 25. Rxg3 Nxg3 26. Ne5 Nf5 27. O-O-O
$13) 23... Kb8 24. c5 Bh2 $6 25. c6 (25. Bc3 $14) 25... Nd5 $2 {This move is a
mistake.} (25... Bd6 $1 {Protecting the c5-square:} 26. cxb7 Qxb7 $13) 26. g4
$1 $18 {The rest is just technique.} Bd6 27. gxf5 exf5 28. f4 bxc6 29. Ne5 Bxe5
30. Rb3+ Ka8 31. dxe5 Rb8 32. Qc5 Rxb3 33. axb3 Kb7 34. Bd4 Rg4 35. Qa7+ Kc8
36. Qa8+ Kd7 37. Qf8 Ke6 38. Qe8+ Ne7 39. Bc5 Rxh4 40. Bxe7 1-0

[Event "Ubeda op 5th"]
[Site "Ubeda"]
[Date "2000.01.21"]
[Round "3"]
[White "Minasian, Artashes"]
[Black "Kalantarian, Norik"]
[Result "1-0"]
[WhiteElo "2598"]
[BlackElo "2474"]
[Annotator "Hecht,H"]
[PlyCount "89"]
[EventDate "2000.01.19"]
[EventType "swiss"]
[EventRounds "10"]
[EventCountry "ESP"]
[SourceTitle "CBM 075"]
[Source "ChessBase"]
[SourceDate "2000.04.05"]
[SourceVersion "1"]
[SourceVersionDate "2000.04.05"]
[SourceQuality "1"]

1. b3 e5 2. Bb2 Nc6 3. e3 d5 4. Bb5 Bd6 5. f4 Qe7 6. Nf3 Bg4 7. h3 Bxf3 8. Qxf3
Nf6 9. O-O O-O-O 10. Bxc6 bxc6 11. fxe5 Bxe5 12. Qf5+ Nd7 13. Bxe5 Qxe5 14.
Qxe5 Nxe5 15. d4 Ng6 16. Rxf7 Rde8 17. Kf2 Rhf8 18. Rxf8 Rxf8+ 19. Ke2 {
[#] Nach weißem Raumgewinn und mehrfachem Bauerntausch gibt es einen Angriff
auf den schwarzen König.} Nh4 20. Nd2 Nf5 21. Nf3 Ng3+ 22. Kd3 Ne4 23. Rf1 Ng3
24. Rc1 Kb7 25. c4 Ne4 26. b4 a6 27. a4 Nf2+ 28. Ke2 Ne4 29. Kd3 Nf2+ 30. Kc3
Nxh3 31. Rh1 Nf2 32. Rxh7 Ng4 33. cxd5 cxd5 34. Rxg7 Nxe3 35. Ne5 Nd1+ 36. Kb3
Rf4 37. Nd3 Rxd4 38. Nc5+ Kb6 39. Rg6+ Ka7 40. Rxa6+ Kb8 41. Rc6 Rg4 42. Na6+
Kb7 43. b5 Rc4 $2 (43... Rxg2 $142 44. Nxc7 {[%cal Ra4a5,Ra5a6]} (44. Kb4 Rg3
45. Ka5 Rc3) 44... Rg3+ 45. Kb4 Rg4+ 46. Kc5 (46. Ka5 Nb2 $19) 46... Rxa4 47.
Nxd5 Nb2 48. Rc7+ Kb8 49. Rf7 {und der weiße Vorteil reicht vielleicht nicht
zum Gewinn.}) 44. Nc5+ Kc8 45. b6 1-0

[Event "GER-ch 70th"]
[Site "Bremen"]
[Date "1998.11.13"]
[Round "8"]
[White "Hertneck, Gerald"]
[Black "Tischbierek, Raj"]
[Result "1-0"]
[WhiteElo "2555"]
[BlackElo "2515"]
[Annotator "Hertneck,G"]
[PlyCount "105"]
[EventDate "1998.11.06"]
[EventType "swiss"]
[EventRounds "9"]
[EventCountry "GER"]
[SourceTitle "CBM 068"]
[Source "ChessBase"]
[SourceDate "1999.02.01"]
[SourceVersion "1"]
[SourceVersionDate "1999.02.01"]
[SourceQuality "1"]

1. b3 d5 2. Bb2 Nf6 3. e3 Bg4 4. f3 Bh5 5. g4 Bg6 6. Ne2 Nfd7 7. h4 f6 8. c4 c6
9. cxd5 cxd5 10. Nbc3 e6 11. Nd4 Bf7 12. Rc1 Nc6 13. Nxc6 bxc6 14. Na4 Rc8 15.
f4 Bd6 16. Ba6 Rc7 17. Bc3 Nb6 18. Ba5 Qb8 19. Nc5 O-O 20. Bd3 Qd8 21. Qc2 e5
22. fxe5 fxe5 23. Bxh7+ Kh8 24. Bf5 g6 25. Bd3 Qf6 26. Be2 Be8 27. Kd1 Rh7 28.
Qb2 Rxh4 29. Rxh4+ Qxh4 30. d4 e4 31. Be1 Bg3 32. Kd2 Kg8 33. Qa3 Rf7 34. Bxg3
Qxg3 35. Rf1 Rxf1 36. Bxf1 Nc8 37. Qa5 Qd6 38. Ba6 Ne7 39. Be2 Qb8 40. Na6 Qd6
41. Qc5 Qd7 42. Qb4 Kf7 43. Qb8 Ng8 44. Nc7 a5 45. Nxe8 Qxe8 {[#] Aktivere
weiße Figuren; schwarze Bauernschwächen.} 46. Qc7+ Qe7 47. Qxa5 Nf6 48. Qc5 Qb7
49. g5 Ne8 (49... Nh7 50. Qd6 Qa7 51. Ke1 Qxa2 52. Qd7+ Kg8 53. Qxc6 $18 {
[%csl Rd5,Rg6]}) 50. Bg4 Qa6 51. Ke1 $1 Qxa2 52. Qxc6 Qa5+ 53. Kf1 (53. Kf1
Qa1+ 54. Kf2 Qb2+ 55. Kg3 Qxb3 56. Be6+ Kf8 57. Qc5+ Kg7 58. Qe7+ $18) 1-0

[Event "Podolsk"]
[Site "Podolsk"]
[Date "1992.??.??"]
[Round "?"]
[White "Bagirov, Vladimir"]
[Black "Berkovich, Dmitry"]
[Result "1-0"]
[WhiteElo "2500"]
[BlackElo "2445"]
[Annotator "Horn,Pe"]
[PlyCount "105"]
[EventDate "1992.12.??"]
[EventType "tourn"]
[EventRounds "11"]
[EventCountry "RUS"]
[EventCategory "11"]
[SourceTitle "CBM 033"]
[Source "ChessBase"]
[SourceDate "1993.04.01"]
[SourceVersion "1"]
[SourceVersionDate "1993.04.01"]
[SourceQuality "1"]

1. b3 e5 2. Bb2 d6 3. g3 g6 4. Bg2 Bg7 5. c4 Ne7 (5... Nc6 6. Nc3 (6. e3 h5 7.
h3 h4 8. g4 f5 9. Nc3 Nf6 10. gxf5 Bxf5 11. d3 g5 $15 {Bagirov-Gelfand,
Amsterdam 1989}) 6... Be6 7. d3 Qd7 8. Nf3 Bh3 9. Bxh3 Qxh3 10. Nd5 Qd7 11. h4
f5 12. e4 O-O-O 13. Qe2 Rf8 $1 $132 {Bagirov-Blatny, Brno 1991}) (5... f5 6.
Nc3 Nf6 $10 (6... Nh6 $10) 7. e3 O-O 8. Nge2 Nc6 9. d3) (5... Nf6) 6. Nc3 (6.
e3 h5 7. d4 h4 8. g4 Nd7 9. h3 f5 10. d5 Nf6 11. g5 Ne4 12. f4 c6 13. Bxe4 fxe4
14. fxe5 cxd5 $13 {Bagirov-Löffler, Berlin op 1990}) 6... O-O (6... Nbc6) 7. h4
$5 c6 (7... f5) (7... h5 $6 {><g5}) (7... Nbc6 $5 $13) 8. e4 Na6 (8... Be6 {
/\ d5}) 9. Nge2 f5 10. d3 Be6 (10... f4 $5 11. gxf4 exf4 12. Bf3 (12. Ng1 $5) (
12. f3 $6 d5 $132) 12... c5 $13) 11. f4 d5 $2 12. exd5 cxd5 13. fxe5 Bxe5 14.
Nf4 $1 d4 (14... Bxf4 $6 15. gxf4 $16 {/^ a1-h8}) 15. Nce2 (15. Nxe6 Bxg3+ 16.
Kf1 Qd6 17. Nxf8 dxc3 18. Bxc3 Rxf8 $13) 15... Bc8 16. O-O Nc7 17. b4 $16 h6
18. Qd2 Kh7 (18... g5 $2 19. hxg5 hxg5 20. Nh3 $1 g4 21. Qg5+ $18) 19. Rae1 Qd6
20. Nc1 Bf6 21. Nb3 {><d4} Rb8 {/\ b5} 22. b5 b6 23. Qf2 Ne6 24. Nxe6 Bxe6 25.
Qf4 $1 {Pd4 läuft nicht weg.} Qd7 (25... Qxf4 26. Rxf4 Bf7 27. Bxd4 $18) 26.
Bxd4 Rbd8 27. Bxf6 Rxf6 28. Re3 $18 Bf7 29. Rfe1 Ng8 30. Nd2 Rd6 31. Bf1 Rd4
32. Qf2 Kg7 33. Nf3 f4 34. Re4 Rxe4 35. Rxe4 fxg3 36. Qxg3 Nf6 37. Rd4 Qe7 38.
Rxd8 Qxd8 39. Qe5 Qd7 40. Qd4 Qf5 41. Bg2 g5 42. hxg5 hxg5 43. Ne5 g4 44. Qe3
Be6 45. Nc6 Bf7 46. Nxa7 Bg6 47. Nc6 Nd7 48. Be4 Qe6 49. Qd4+ Nf6 50. Ne5 Bxe4
51. dxe4 Kh6 52. Qe3+ Kh5 53. Qf4 1-0

[Event "URS-chT Republics 19th final A"]
[Site "Azov"]
[Date "1991.??.??"]
[Round "3"]
[White "Minasian, Artashes"]
[Black "Graf, Alexander"]
[Result "1/2-1/2"]
[WhiteElo "2510"]
[BlackElo "2475"]
[Annotator "Horn,Pe"]
[PlyCount "115"]
[EventDate "1991.??.??"]
[EventType "team-tourn"]
[EventRounds "3"]
[EventCountry "URS"]
[SourceTitle "EXT 2020"]
[Source "ChessBase"]
[SourceDate "2019.10.17"]
[SourceVersion "1"]
[SourceVersionDate "2019.10.17"]
[SourceQuality "1"]
[WhiteTeam "Armenia"]
[BlackTeam "Uzbekistan"]
[WhiteTeamCountry "ARM"]
[BlackTeamCountry "UZB"]

1. b3 c5 2. Bb2 Nc6 3. e3 d5 4. Bb5 Bd7 5. Nf3 f6 {N} (5... Nf6 $14) 6. O-O (6.
d4 $5) 6... a6 (6... e5 {Die konsequente Fortsetzung} 7. d4 cxd4 8. exd4 e4 $13
) 7. Bxc6 Bxc6 8. d4 e6 9. Nbd2 Nh6 10. Re1 Nf7 (10... f5 11. dxc5 $16) 11. e4
$14 cxd4 12. Nxd4 e5 13. c4 $1 (13. Nxc6 bxc6 $10) (13. Ne6 Qd6 14. Nxf8 Kxf8
$13) 13... dxe4 (13... exd4 $2 14. exd5+ $18) (13... dxc4 $2 14. Nxc6 bxc6 15.
Nxc4 $16) 14. Nxc6 bxc6 15. Nxe4 Bb4 16. Bc3 Bxc3 17. Nxc3 Qxd1 18. Raxd1 Ke7
19. Na4 Rhd8 20. Nc5 a5 21. Kf1 Ra7 22. Ke2 f5 23. f3 Rd6 24. Rxd6 Kxd6 25. Na4
Re7 26. a3 Ng5 27. Rd1+ Kc7 28. Nc5 (28. h4 $6 Ne6) 28... e4 29. fxe4 Nxe4 30.
Nxe4 Rxe4+ 31. Kd3 c5 $10 32. Rf1 $6 (32. Rb1 {/\ b4}) 32... g6 33. Rf3 Kd6 34.
g3 Ke5 35. Rf2 g5 36. Rb2 f4 37. gxf4+ gxf4 38. b4 Re3+ 39. Kd2 cxb4 40. axb4
a4 $1 41. c5 Rh3 (41... Rb3 42. Rxb3 axb3) 42. Ke1 Rc3 (42... Rb3 43. Rc2 Rxb4
44. c6 Rb8 45. Ra2 Rc8 46. Rxa4 Rxc6 $10) 43. b5 a3 44. Ra2 Kd5 45. b6 Kc6 46.
Kf2 h5 47. h4 Rh3 48. Kg2 Rb3 49. Ra1 Kxc5 50. b7 Rxb7 51. Rxa3 Rg7+ 52. Kf2
Kd4 53. Ra4+ Ke5 54. Ra5+ Ke4 55. Rxh5 Ra7 56. Rb5 Ra2+ 57. Kf1 Kf3 58. Rb3+
1/2-1/2

[Event "Podolsk"]
[Site "Podolsk"]
[Date "1993.??.??"]
[Round "?"]
[White "Morozevich, Alexander"]
[Black "Sveshnikov, Evgeny"]
[Result "1/2-1/2"]
[WhiteElo "2545"]
[BlackElo "2570"]
[Annotator "Horn,Pe"]
[PlyCount "97"]
[EventDate "1993.10.??"]
[EventType "tourn"]
[EventRounds "9"]
[EventCountry "RUS"]
[EventCategory "14"]
[SourceTitle "CBM 038"]
[Source "ChessBase"]
[SourceDate "1994.02.01"]
[SourceVersion "1"]
[SourceVersionDate "1994.02.01"]
[SourceQuality "1"]

1. b3 e5 2. Bb2 Nc6 3. e3 Nf6 4. Bb5 Bd6 {Anderssen} 5. Ne2 (5. Na3 Na5 (5...
e4 6. Nc4 Be7 7. Bxc6 bxc6 8. Ne2 O-O 9. Ng3 d5 10. Ne5 Qd6 $13 {
Walti-Shabalov/Suhr op/1992}) 6. Nf3 a6 7. Be2 Qe7 8. Qc1 b5 9. c4 bxc4 10.
Nxc4 Nxc4 11. Qxc4 a5 $132 {Murej-Sveshnikov/URS/1975}) (5. d4 $2 exd4 6. Bxc6
$2 Bb4+ $1 7. c3 dxc3 8. Bxd7+ Qxd7 9. Qxd7+ Bxd7 10. Bxc3 Nd5 $17 {
Muhamedzanov-Kholmov/URS/1974}) 5... O-O (5... a6 6. Bxc6 dxc6 7. Ng3 h5 8. Nc3
h4 9. Nge4 {Cohn-Hartston/Oxford/1971} h3 $5 $13) 6. O-O Re8 7. Ng3 e4 8. Be2
Be5 9. Bxe5 Nxe5 10. d4 exd3 11. cxd3 d5 12. d4 $14 Neg4 $6 13. Nc3 (13. h3 Nh6
14. Bd3) 13... Qd6 14. Re1 {/\ Nf1} (14. h3 $4 Nxe3 $19) 14... h5 $2 15. Nf1 (
15. h3 $4 Nxe3) 15... g6 (15... c6 16. h3 Nh6 17. Bxh5) 16. Qc1 $1 c6 (16...
Nh7 17. Nb5 $18) 17. h3 Nh6 18. e4 Qf8 $8 19. e5 Nh7 20. Qd2 $16 Kg7 21. Rad1
Qe7 22. f4 Rh8 23. Bd3 Bf5 24. Ne3 Qd7 25. b4 (25. Rf1 $5) 25... Nf8 26. Na4
Bxd3 27. Qxd3 Ne6 28. Rf1 (28. f5 gxf5 29. Nxf5+ Nxf5 30. Qxf5 Rh6 31. h4 $16)
28... b5 29. Nc3 (29. Nc5 Nxc5 30. bxc5 Nf5 $132) 29... a5 30. f5 gxf5 31. Ne2
(31. Nxf5+ Nxf5 32. Qxf5 Rh6) 31... axb4 (31... h4 32. g4 $5 $40) 32. Ng3 Rxa2
33. Nexf5+ (33. Nxh5+ $5 Kf8 34. Nxf5 Nxf5 35. Qxf5 $40 (35. Rxf5 $2 Nxd4))
33... Nxf5 34. Nxf5+ (34. Qxf5 $5) 34... Kg8 35. Qb3 (35. Nd6 Rh7 {/\ Rg7<=>})
35... Qa7 36. Ne7+ Qxe7 (36... Kf8 37. Ng6+ Kg7 38. Nxh8 Nxd4 39. Qg3+ Kxh8 40.
Kh1 $18) 37. Qxa2 Rh6 38. Qa8+ Kg7 39. Rd2 $1 (39. Qxc6 $2 Nf4 40. Qxb5 Qg5) (
39. Rf6 $5 Rxf6 40. exf6+ Qxf6 41. Qxc6 Qg5 42. Qd6 $13) 39... Rg6 40. Rdf2 Ng5
{/\ Nh3} 41. Kh2 b3 42. Rf6 Ne4 43. Rxg6+ (43. Rxf7+ $2 Qxf7 44. Rxf7+ Kxf7 45.
Qb7+ $17) 43... fxg6 44. Qxc6 b2 45. Rb1 $2 (45. Qxd5 $2 Nd2) (45. Qxb5 $5 Nd2
(45... Qg5 46. Qxb2 Qg3+ 47. Kh1 $16) 46. Rd1 Qg5 (46... b1=Q 47. Rxb1 Nxb1 48.
Qxb1 $16) 47. Qxb2 Qf4+ 48. Kh1 Nf1 (48... Ne4 49. Ra1 $16) 49. Rxf1 Qxf1+ 50.
Kh2 Qf4+ 51. Kg1 Qe3+ 52. Qf2 $16) 45... Qf7 46. Rxb2 Qf4+ 47. Kg1 Qe3+ 48. Kh2
(48. Kf1 $4 Ng3#) 48... Qg3+ 49. Kh1 1/2-1/2

[Event "Lvov zt"]
[Site "Lvov"]
[Date "1990.??.??"]
[Round "?"]
[White "Minasian, Artashes"]
[Black "Romanishin, Oleg M"]
[Result "1/2-1/2"]
[WhiteElo "2480"]
[BlackElo "2525"]
[Annotator "Horn,Pe"]
[PlyCount "179"]
[EventDate "1990.02.??"]
[EventType "swiss"]
[EventRounds "9"]
[EventCountry "URS"]
[SourceTitle "CBM 018"]
[Source "ChessBase"]
[SourceDate "1990.10.01"]
[SourceVersion "1"]
[SourceVersionDate "1990.10.01"]
[SourceQuality "1"]

1. b3 e5 2. Bb2 Nc6 3. e3 Nf6 4. Bb5 d6 5. Ne2 a6 6. Bxc6+ bxc6 7. O-O Be7 8.
d3 O-O 9. Nd2 Ng4 $5 {N} (9... c5 10. e4 Nd7 11. f4 f6 $2 (11... exf4) 12. Nc4
exf4 13. Nxf4 Ne5 14. Ne3 $16 {Bellon-Browne, Torremolinos 1972}) 10. h3 (10.
e4 Bg5 $5) 10... Nh6 11. d4 exd4 12. Nxd4 Bd7 13. c4 Bf6 {/\ c5} 14. Qc2 c5 15.
Ne2 Bxb2 16. Qxb2 Bc6 17. Nf4 Qg5 18. Nb1 {zielt nach d5} Nf5 19. Nc3 Nh4 20.
Ncd5 Bxd5 21. cxd5 a5 {sonst käme b4} 22. Rfd1 Rfb8 23. a3 Ng6 (23... a4 $2 24.
b4) 24. Ne2 Rb6 (24... Nh4 $5) 25. Qc2 Rab8 26. Rab1 h6 27. Qc4 Ne5 28. Qc3
Nf3+ 29. Kh1 Nh4 30. Nf4 Rb5 31. Qc2 Qf5 32. Qc4 Ng6 33. Nxg6 Qxg6 34. e4 Qh5 {
/\ Rxb3} 35. Re1 Qe5 36. Re3 R5b6 37. g3 Qe8 38. Rbe1 f6 39. Kg2 Qb5 40. Qc2
Qd7 41. a4 $6 (41. Qc4) 41... Rb4 $17 42. Rc3 Qe8 43. Ree3 Rd4 44. Qe2 Rb6 45.
h4 Kh8 46. Qg4 Rbb4 47. Qe6 $6 (47. f3) 47... Qxe6 48. dxe6 Kg8 (48... Rxe4 $4
49. e7) 49. f4 Rxe4 50. f5 h5 51. Rxe4 Rxe4 52. Rc4 Re5 (52... Rxc4 $2 53. bxc4
$10) (52... Re3 $5 53. g4 Rxb3 $1 (53... hxg4 54. Rxg4 Rxb3 55. e7 Kf7 56.
Rxg7+ Ke8 57. h5) 54. gxh5 {/\ Rg4} (54. g5 Rb4) 54... Rb4 55. Rc3 Rf4) 53. Rf4
d5 54. Rf1 d4 55. g4 hxg4 56. Kg3 d3 57. Kxg4 d2 58. Rd1 Rd5 59. Kf4 Kf8 60.
Ke4 c6 61. h5 Ke7 62. Kf4 Kf8 63. Kg4 Kg8 64. Kf4 Kh7 65. Kg4 Kh6 66. Kf4 Kh7
67. Kg4 Kg8 68. Kf4 Kf8 69. Ke4 Ke7 70. Kf4 Ke8 71. Kg4 Rd4+ 72. Kf3 Rh4 73.
Rxd2 Rxh5 74. Kf4 Rh4+ 75. Ke3 Rh3+ 76. Kf4 Rxb3 77. Rd7 Rb4+ 78. Kf3 c4 79.
Ra7 c3 80. Ra8+ Ke7 81. Ra7+ Kd6 82. Rd7+ Kc5 83. e7 c2 84. e8=Q c1=Q 85. Qe7+
Kc4 86. Qe6+ Kc3 87. Qxc6+ Kb2 88. Qxc1+ Kxc1 89. Rxg7 Rxa4 90. Rf7 1/2-1/2